Vainqueurs des séries mondiales de rugby à 7. (1999 - ...) - Statistiques

Statistiques générales
  • Ce quiz a été pris 178 fois
  • Le résultat moyen est 6 sur 6
Statistiques - réponses
Année Vainqueur % Correct
2000 | 2001 | 2002 | 2003 |2004 | 2005 | 2007 | 2008 | 2011 | 2012 | 2013 | 2014 | 2020 | 2023 Nouvelle-Zélande
99%
2024 France
99%
2006 | 2015 | 2016 | 2019 Fidji
97%
2022 Australie
96%
2009 | 2017 | 2018 | 2021 Afrique du Sud
95%
2010 Samoa
72%
Aucun quiz correspondant
Distribution des résultats
% des personnes avec chaque résultat
Percentile par nombre de réponses
Votre historique - résultats
Vous n’avez pas pris ce quiz